Kiskorúak átmeneti és tartós elhelyezése különös tekintettel a szakszolgálatok feladataira

Elmentve itt :
Bibliográfiai részletek
Szerző: Bojtos Nikolett
További közreműködők: Zámbó Géza (Témavezető)
Dokumentumtípus: Szakdolgozat
Megjelent: 2011
Tárgyszavak:
Law
Online Access:http://diploma.bibl.u-szeged.hu/130737
LEADER 00795nta a2200193 i 4500
001 dipl130737
005 20221019090808.0
008 221018s2011 hu om 0|| hun d
040 |a SZTE Diploma Repozitórium  |b hun 
041 |a hun 
100 1 |a Bojtos Nikolett 
245 1 0 |a Kiskorúak átmeneti és tartós elhelyezése különös tekintettel a szakszolgálatok feladataira  |h [elektronikus dokumentum] /  |c Nikolett Bojtos 
246 1 0 |a Lasting and transitional arrangement of infants expecially officional authority tasks  |h [elektronikus dokumentum] 
260 |c 2011 
650 4 |a Jogi és igazgatási tanulmányok 
650 4 |a Social sciences 
650 4 |a Law 
700 1 |a Zámbó Géza  |e ths 
856 4 0 |u https://diploma.bibl.u-szeged.hu/id/eprint/130737/1/2011_bojtos_nikolett.pdf  |z Dokumentum-elérés